Situačná analýza - predpoklad účinnej marketingovej komunikácie podniku

Proces tvorby stratégie marketingovej komunikácie. Zmeny v marketingovom prostredí a ich vplyv na marketingovú komunikáciu podniku. Analýza cieľového trhu. Vplyv makroprostredia (ekonomické, spoločenské, demografické, technologické prostredie) na marketingovú komunikáciu. Vplyv konkurencie a interné...

ver descrição completa

Na minha lista:
Detalhes bibliográficos
Autor principal: Grančičová, Katarína, 1967-
Formato: Capítulo de Livro
Idioma:eslovaco
Assuntos:
Tags: Adicionar Tag
Sem tags, seja o primeiro a adicionar uma tag!

MARC

LEADER 00000nla$a2200000$$$4500
001 0069596
005 20240611080357.4
041 0 |a slo 
044 |a SK 
245 1 0 |a Situačná analýza - predpoklad účinnej marketingovej komunikácie podniku  |c Katarína Grančičová 
520 |a Proces tvorby stratégie marketingovej komunikácie. Zmeny v marketingovom prostredí a ich vplyv na marketingovú komunikáciu podniku. Analýza cieľového trhu. Vplyv makroprostredia (ekonomické, spoločenské, demografické, technologické prostredie) na marketingovú komunikáciu. Vplyv konkurencie a interného prostredia. 
610 2 0 |a podnik 
610 2 0 |a marketing 
610 2 0 |a komunikácia marketingová 
610 2 0 |a prostredie ekonomické 
610 2 0 |a prostredie podnikateľské 
610 2 0 |a konkurencia 
610 2 0 |a trh 
610 2 0 |a legislatíva 
100 1 |a Grančičová, Katarína, 1967-